000 00589cam a2200181 4500
001 D5920
008 090401t1975 xxu||||| |||| 00| 0 eng d
035 _a(Sirsi) u75934
041 _aeng
050 _a624
110 _aInstitute of Quantity Surveyors
_92491
245 2 _aA report by the Civil Engineering Committee of the Institute of Quantity Surveyors on procedure in connection with the ICE Conditions of Contract fifth edition, June 1973
260 _aLondon
_bInstitute of Quantity Surveyors
_c1975
300 _a38p. 30cm
350 _a0
942 _n0
948 _c04/03/1997
999 _c96093
_d96093